000 nam a22 7a 4500
999 _c129726
_d129726
008 190820b xxu||||| |||| 00| 0 eng d
050 _aBS2555.E24 2018
100 _aEdmonds, Peter
_98597
245 _aThe way companion to the Synoptic Gospels
_bstories and portraits
_cPeter Edmonds
260 _aOxford
_bWay Books
_c2018
300 _a176p. ;
_c24cm.
650 _aBible N.T.
_xIntroductions
_947863
942 _2lcc
_cMONOGRAPH